000 01141nam a2200217Ia 4500
003 Ost
005 20260416102355.0
008 260416s9999||||xx |||||||||||||| ||und||
040 _cfsecg
041 _aara
082 _a339
100 _aبوشارب، لامية
_eمؤلف
245 0 _aمحاضرات في الإقتصاد الكلي 1 :
_bمع تمارين محلولة /
_c لامية بوشارب
260 _aالجزائر
_bجامعة الجزائر3: كلية العلوم الإقتصادية، العلوم التجارية وعلوم التسيير
_c2020
300 _a120 ورقة
_b ايضاحات
_c30 سم
504 _aمراجع ص.118
520 _aالنظرية الاقتصادية الكلية و قياس النشاط الاقتصادي و النظرية الكلاسيكة في التوازن الكلي و التوازن الاقتصادي وفق النظرية الكينزية .
653 _aالاقتصاد الكلي
710 _aجامعة الجزائر3: كلية العلوم الإقتصادية، العلوم التجارية وعلوم التسيير
_eناشر علمي
942 _cHANDOUT
999 _c41180
_d41180